Statistics for Oceania Map Quiz

Click here to take the quiz!

General Stats

  • This quiz has been taken 316,265 times
  • The average score is 7 of 16

Answers on the Map

Answers color-coded by a green-red scale on the quiz's map according to % correct below.
Loading ...
 

Answer Stats

Answer% Correct
Australia
99%
New Zealand
93%
Papua New Guinea
87%
Micronesia
48%
Solomon Islands
45%
Fiji
43%
Kiribati
37%
Marshall Islands
37%
Nauru
36%
Palau
34%
Samoa
33%
New Caledonia (France)
32%
French Polynesia
32%
Tonga
27%
Vanuatu
26%
Tuvalu
20%

Score Distribution

Percentile by Number Answered

Percent of People with Each Score

Your Score History

You have not taken this quiz